| 000 | 00428cam a2200169ua 4500 | ||
|---|---|---|---|
| 020 | _c279.00 | ||
| 041 |
_aeng _h |
||
| 082 |
_a005.369 _bOMU/IN |
||
| 100 | _aOmura , George . | ||
| 245 |
_aIntroductory Autocad 2008 / _cGeorge Omura. _hTextual Documents |
||
| 260 |
_aNew Delhi : _bWiley India Pvt. Ltd. , _c2007. |
||
| 300 |
_a382 ; _e`. |
||
| 365 | _a279.00 | ||
| 504 | _a | ||
| 942 | _cBK | ||
| 999 |
_c13060 _d13060 |
||